El pacifista (Registro nro. 7517)

Detalles MARC
000 -Cabecera
Campo de control de longitud fija 00475nam a22002057a 4500
005 - Fecha y hora de la última transacción
Campo de control 20250516133755.0
008 - Elementos de longitud fija--Información general
Campo de control de longitud fija 160126b xxu||||| |||| 00| 0 spa d
020 ## - International Standard Book Number
Número Internacional Estándar del Libro (ISBN) 9788498385168
041 ## - Idioma
Código de idioma Español
082 ## - Clasificación Decimal Dewey
Número de clasificación 891.62 B792p
100 ## - Entrada principal--Autor personal
Nombre personal Boyne, John
9 (RLIN) 2237
245 ## - Título propiamente dicho
Título El pacifista
260 ## - Pie de imprenta
Lugar de publicación, distribución, etc. España
260 ## - Pie de imprenta
Nombre del editor, distribuidor, etc. Salamandra
260 ## - Pie de imprenta
Fecha de publicación, distribución, etc. 2013
300 ## - Descripción física
Extensión 284 páginas
650 ## - Materia general
Temática (materia general) LITERATURA IRLANDESA
650 ## - Materia general
Temática (materia general) NOVELA IRLANDESA
942 ## - Punto de acceso adicional KOHA
Tipo de ítem KOHA Literatura
Fuente del sistema de clasificación o colocación Dewey Decimal Classification
Existencias
Signatura completa Código de barras Tipo de ítem
891.62 B792p 20068 Literatura